El CAFTA-DR y su impacto en la salud: el caso dominicano /
Guardado en:
| Hovedforfatter: | |
|---|---|
| Andre forfattere: | , , |
| Format: | Texto |
| Tags: |
Tilføj Tag
Ingen Tags, Vær først til at tagge denne postø!
|
MARC
| LEADER | 00000 a a2200000 04500 | ||
|---|---|---|---|
| 001 | 41194 | ||
| 003 | |||
| 040 | |||
| 100 | |a Rathe, Magdalena | ||
| 245 | |a El CAFTA-DR y su impacto en la salud: |b el caso dominicano / |c Magdalena Rathe ; Ramón Pérez Minaya ; Lesly Franco ; Dania Guzmán | ||
| 700 | |a Péréz Minaya, Ramón | ||
| 700 | |a Franco, Franco | ||
| 700 | |a Guzmán, Dania | ||
| 773 | |g volumen10, número4 (2009), páginas 17-18 | ||
| 999 | |c 39101 |d 39101 | ||
